000 03556nam a22003617a 4500
003 CHAP
005 20250428114934.0
008 080325d2004 es r 00110 spa d
010 _a94629
011 _a95601
020 _a848476186X
035 _a106228
040 _cCHAP
041 _aspa
_bspa
_fspa
_heng
082 0 4 _aPA 631.875
_bS8Y 2004
100 0 0 _aStoffella, Peter J.
_eed.
_9109853
245 1 0 _aUtilización de compost en los sistemas de cultivo hortícola
_c/ed. por Peter J. Stoffella and Brian A. Kahn
260 _aMadrid. Esp. :
_bMundi-Prensa,
_c2004
264 _aEspaña :
_bMundi - Prensa
_c2004
300 _axvii, 397 p. :
_bilus.
505 _aEs uno de los libro en establecer una visión completa del conocimiento científico existente en la utilización del compost en las empresas de horticultura comercial. La utilización del compost en los sistemas de cultivo hortícola le ofrece una revisión comprensiva, de la producción, utilización y economía del compost. La utilización del compost en los sistemas de cultivo hortícola cubre los métodos de producción, la calidad del compost y los parámetros asociados con su medida, y los procesos biológicos, químicos y físicos que ocurren durante el compostaje. Ahora, en vez de buscar la información de diferentes fuentes, usted puede encontrar toda la información que necesita en una sola fuente conveniente.
520 _aPrólogo -- 1.La industria de compostaje en Estados Unidos: pasado, presente y futuro -- 2.Procesos biológicos, químicos y físicos del compostaje -- 3.Sistemas de producción comercial de compost -- 4.Propiedades cualitativas, medición y variabilidad de los compost -- 5.Efectos de los compost sobre el desarrollo y el rendimiento en horticultura comercial -- 6. Utilización de los compost en los sistemas de cultivo de plantas ornamentales, viveros y semilleros -- 7.Utilización de los compost en la arquitectura del paisaje -- 8.Utilización de los compost en los sistemas de produción frutal -- 9.Utilización de los compost en la producción de tepes y manejo de céspedes -- 10. Los compost como sustratos para la horticultura en la producción de material de trasplante -- 11Economía del compost: producciçon y utilización en la agricultura -- 12.Posibilidades y mecanismos que ofrecen los compost en el control de las enfermedades de las planta -- 13.Control de las malas hierbas en los cultivos hortícolas con cobertura orgánicas compostadas -- 14.Los compost como fuentes de nitrógeno, aportación a la mineralización y ventajas para la nutrición nitrogenada de las plantas -- 15.Ventajas que suponen la utilización de compost para la nutrición fosfórica, potásica, cálcica, magnésica y de micronutrientes -- 16.Problemática de los metales pesados en la utilizacón de compost -- 17.Riesgos que presentan los patógenos humanos en la utilización de compost: controles y precauciones a tomar -- 18. La agencia de Protección Ambiental de Estados Unidos. Normativa sobre producción y utilización del compost.
590 _aBATCH-UPD
_b10
_c20130110
590 _aCONVERSION
_b10
_c20130109
650 1 4 _aCompost.
_926105
650 1 4 _aHorticultura.
_956291
650 1 4 _aSistemas de cultivo.
_9106746
700 0 _aKahn, Brian A.
_962592
901 _aBK
942 _cLIBRO
_2ddc
949 _a631.875 S8y
_bBC
_cLIBRO
_d33724002050751
_eLIBRO
_fc..2
_gIc/e
_h109335
_i106228
_si
_t$988.00
949 _a631.875 S8Y
_bBC
_cLIBRO
_d33724002050850
_eLIBRO
_gIc/e
_h109334
_i106228
_si
_t$988.00
999 _c94629
_d94629